| 000 | 00441nam a2200157 i 4500 | ||
|---|---|---|---|
| 001 | 35974 | ||
| 003 | ES-MaACL | ||
| 005 | 20230906155248.0 | ||
| 007 | t| | ||
| 008 | 030214s1931 fr ||||1| fre d | ||
| 100 | 1 |
_aBourdet, Edouard. _930959 |
|
| 245 | 1 | 3 |
_aLe sexe faible _b: piece en trois actes / _cEdouard Bourdet. |
| 260 |
_aParĂs : _b[E. Grevin, _c1931] ( _fImp. de Lagny) |
||
| 300 |
_a294 p. ; _c19 cm. |
||
| 852 |
_aES-MaACL _jA-3335 |
||
| 999 |
_c35974 _d35974 |
||